| 000 | 00405nam a2200181Ia 4500 | ||
|---|---|---|---|
| 001 | 10953 | ||
| 005 | 20260306161910.0 | ||
| 008 | 260306t1994||||xx |||||||||||||| ||spa|| | ||
| 041 | _aESP | ||
| 082 |
_a985 _bB26 1994 |
||
| 100 |
_aBasadre, Jorge _eAUT |
||
| 245 | 0 |
_aPerĂº: _bproblema y posibilidad |
|
| 260 | _c1994 | ||
| 300 |
_a _c |
||
| 650 | _aGEN | ||
| 654 | _aCHU | ||
| 942 |
_cLIB _dJUS _fJUS _2ddc _n |
||
| 999 |
_c10953 _d10953 |
||